000 00606nam a2200157Ia 4500
008 100204s9999 xx 000 0 und d
082 _b28345
100 _aभोळे भास्कर लक्ष्मण
245 _aएकोणीसाव्या शतकातील मराठी ग्रंथ-2
250 _a0
260 _c2006
300 _a189
630 _aएकोणीसाव्या शतकातील मराठी ग्रंथ-2
730 _aएकोणीसाव्या शतकातील मराठी ग्रंथ-2
942 _cBOOK
999 _c473509
_d473506